[Event "Albert Boxer Classic"]
[Site "Winnipeg CAN"]
[Date "2003.05.17"]
[Round "2"]
[White "Zaczek, Jonathan"]
[Black "Plocek, Jaroslav"]
[Result "0-1"]
[WhiteElo "1614"]
[BlackElo "1562"]
[PlyCount "56"]
[EventDate "2003.05.17"]
[EventType "swiss"]
[EventRounds "5"]
[EventCountry "CAN"]
[Source "ChessBase"]
[SourceDate "2003.07.09"]

1. e4 e6 2. d4 c6 3. Nc3 d5 4. e5 c5 5. Nf3 Nc6 6. Bb5 Bd7 7. O-O cxd4 8. Bxc6
Bxc6 9. Nxd4 g6 10. f4 Nh6 11. g4 Qh4 12. g5 Ng4 13. Qe2 Bc5 14. Be3 h6 15. Kh1
hxg5 16. Nf3 d4 17. Kg1 Bxf3 18. Rxf3 Nxe3 19. Ne4 Bb6 20. Nxg5 Ng4 21. Qb5+
Kf8 22. h3 d3+ 23. Kg2 Ne3+ 24. Kh1 d2 25. Qd7 Qe1+ 26. Rf1 Rxh3+ 27. Nxh3 Qg3
28. Ng5 Qg2# 0-1

[Event "Albert Boxer Classic"]
[Site "Winnipeg CAN"]
[Date "2003.05.18"]
[Round "3"]
[White "Anderson, George"]
[Black "Plocek, Jaroslav"]
[Result "1-0"]
[WhiteElo "1540"]
[BlackElo "1562"]
[PlyCount "71"]
[EventDate "2003.05.17"]
[EventType "swiss"]
[EventRounds "5"]
[EventCountry "CAN"]
[Source "ChessBase"]
[SourceDate "2003.07.09"]

1. e4 e6 2. f4 c6 3. Nf3 d5 4. e5 Be7 5. g3 f6 6. d4 c5 7. c3 Nc6 8. Bb5 Bd7 9.
O-O Qb6 10. Ba4 cxd4 11. cxd4 Nh6 12. Nc3 Nf5 13. Bxc6 Bxc6 14. g4 Nh6 15. h3
O-O 16. Na4 Qb4 17. a3 Qa5 18. b4 Qc7 19. Nh4 fxe5 20. g5 Nf5 21. Nxf5 Rxf5 22.
dxe5 Raf8 23. h4 Be8 24. Bd2 h6 25. Nc5 Qc8 26. gxh6 Bxh4 27. Qg4 g5 28. fxg5
Bxg5 29. Bxg5 Kh7 30. Rxf5 exf5 31. Qh4 Rg8 32. Kh2 Bg6 33. Re1 Rf8 34. e6 Qc7+
35. Bf4 Qd8 36. e7 1-0

[Event "Albert Boxer Classic"]
[Site "Winnipeg CAN"]
[Date "2003.05.18"]
[Round "3"]
[White "Khedkar, Jay"]
[Black "Kaptsan, Aron"]
[Result "1/2-1/2"]
[WhiteElo "1997"]
[BlackElo "1999"]
[PlyCount "65"]
[EventDate "2003.05.17"]
[EventType "swiss"]
[EventRounds "5"]
[EventCountry "CAN"]
[Source "ChessBase"]
[SourceDate "2003.07.09"]

1. e4 e5 2. Nf3 Nc6 3. Bb5 a6 4. Ba4 Nf6 5. O-O Be7 6. Re1 b5 7. Bb3 d6 8. c3
O-O 9. h3 Na5 10. Bc2 c5 11. d4 Qc7 12. Nbd2 Rd8 13. Nf1 cxd4 14. cxd4 d5 15.
Nxe5 dxe4 16. Ng3 Bd6 17. Qe2 Bxe5 18. dxe5 Qxe5 19. Nxe4 Bb7 20. Bd2 Nxe4 21.
Bxa5 Re8 22. Bc3 Qg5 23. Bxe4 Rxe4 24. Qf1 Rae8 25. Rxe4 Rxe4 26. Re1 Rxe1 27.
Bxe1 Bd5 28. f4 Qe7 29. a3 Qe4 30. Bc3 f6 31. Qf2 h5 32. Qg3 Kf7 33. Qf2
1/2-1/2

[Event "Albert Boxer Classic"]
[Site "Winnipeg CAN"]
[Date "2003.05.18"]
[Round "3"]
[White "Lauritson, Jim"]
[Black "Curtis, Rory"]
[Result "1-0"]
[WhiteElo "1914"]
[BlackElo "1649"]
[PlyCount "35"]
[EventDate "2003.05.17"]
[EventType "swiss"]
[EventRounds "5"]
[EventCountry "CAN"]
[Source "ChessBase"]
[SourceDate "2003.07.09"]

1. e4 e5 2. Bc4 Nf6 3. Nc3 c6 4. Nf3 Be7 5. Nxe5 O-O 6. O-O Qc7 7. d4 Nxe4 8.
Nxe4 d5 9. Bd3 dxe4 10. Bxe4 Nd7 11. Nxd7 Bxd7 12. Re1 Rfe8 13. Qd3 h6 14. Bd2
Bd6 15. h3 Be6 16. c4 Rad8 17. Qc3 Qb6 18. c5 1-0

[Event "Albert Boxer Classic"]
[Site "Winnipeg CAN"]
[Date "2003.05.18"]
[Round "3"]
[White "Lipnowski, Samuel"]
[Black "Greenberg, Harley"]
[Result "1-0"]
[WhiteElo "2135"]
[BlackElo "1730"]
[PlyCount "67"]
[EventDate "2003.05.17"]
[EventType "swiss"]
[EventRounds "5"]
[EventCountry "CAN"]
[Source "ChessBase"]
[SourceDate "2003.07.09"]

1. e4 c5 2. Nf3 Nc6 3. d4 cxd4 4. Nxd4 Nf6 5. Nc3 e5 6. Ndb5 d6 7. Bg5 a6 8.
Na3 b5 9. Bxf6 gxf6 10. Nd5 f5 11. Bd3 Be6 12. Qh5 Rg8 13. O-O f4 14. h3 h6 15.
c3 Rg5 16. Qf3 Rb8 17. Nc2 Na5 18. Ncb4 Bxd5 19. Nxd5 Nc4 20. Bxc4 bxc4 21. b4
cxb3 22. axb3 a5 23. b4 axb4 24. cxb4 Bg7 25. Ra7 Kf8 26. Qb3 f3 27. Qxf3 Qe8
28. Rc1 f5 29. h4 Rh5 30. Rcc7 Rc8 31. Rf7+ Kg8 32. Rxg7+ Kh8 33. Rh7+ Kg8 34.
Rag7+ 1-0

[Event "Albert Boxer Classic"]
[Site "Winnipeg CAN"]
[Date "2003.05.18"]
[Round "3"]
[White "Proulx, Roy"]
[Black "Hogeveen Rutter, Alexander"]
[Result "1/2-1/2"]
[WhiteElo "1731"]
[BlackElo "1585"]
[PlyCount "97"]
[EventDate "2003.05.17"]
[EventType "swiss"]
[EventRounds "5"]
[EventCountry "CAN"]
[Source "ChessBase"]
[SourceDate "2003.07.09"]

1. e4 c5 2. Nf3 Nc6 3. d4 cxd4 4. Nxd4 Nf6 5. Nc3 g6 6. f3 Bg7 7. Be3 O-O 8.
Qd2 d6 9. O-O-O Nxd4 10. Bxd4 Qc7 11. g4 h5 12. Bxf6 exf6 13. gxh5 gxh5 14. Rg1
Kh7 15. Qxd6 Bh6+ 16. Kb1 Qxd6 17. Rxd6 Bg5 18. Bc4 Bh3 19. Nd5 Rad8 20. Rxd8
Rxd8 21. f4 Bh4 22. f5 Bg4 23. Bd3 Kh6 24. a4 Bg5 25. b4 Re8 26. Kb2 Bf3 27.
Nc3 Bd2 28. Rg3 Bxc3+ 29. Kxc3 Bxe4 30. Re3 Rc8+ 31. Kd4 Bxd3 32. Kxd3 Rd8+ 33.
Kc4 Rc8+ 34. Kb3 Rc7 35. h4 a6 36. c4 Rd7 37. Kc3 Rd1 38. Rf3 Ra1 39. Kd4 Rxa4
40. Kc5 Ra1 41. Rf4 Rb1 42. b5 axb5 43. cxb5 Kg7 44. Rb4 b6+ 45. Kc4 Rxb4+ 46.
Kxb4 Kf8 47. Kc4 Ke7 48. Kd5 Kd7 49. Kc4 1/2-1/2

[Event "Albert Boxer Classic"]
[Site "Winnipeg CAN"]
[Date "2003.05.18"]
[Round "3"]
[White "Schulz, Waldemar"]
[Black "Rutter, Blair"]
[Result "1-0"]
[WhiteElo "2039"]
[BlackElo "1711"]
[PlyCount "99"]
[EventDate "2003.05.17"]
[EventType "swiss"]
[EventRounds "5"]
[EventCountry "CAN"]
[Source "ChessBase"]
[SourceDate "2003.07.09"]

1. d4 d5 2. Nf3 Nf6 3. c4 e6 4. Nc3 c5 5. cxd5 exd5 6. Bg5 Be7 7. dxc5 Nc6 8.
e3 Bg4 9. Be2 O-O 10. O-O Re8 11. a3 Bxc5 12. Bxf6 Qxf6 13. Qxd5 Bb6 14. Rad1
h6 15. Qd2 Be6 16. Qc1 Bb3 17. Rd7 Rac8 18. Qd2 Be6 19. Nd5 Qf5 20. Bd3 Qg4 21.
Nf4 Bxd7 22. h3 Bxe3 23. fxe3 Qg3 24. Nh5 Qc7 25. Qc3 Ne5 26. Qd4 Qc5 27. Nxe5
Qxe5 28. Qxd7 Qxh5 29. Bc4 Rf8 30. Bxf7+ Rxf7 31. Qxc8+ Kh7 32. Qc2+ Kg8 33.
Qc4 Kf8 34. Qxf7+ Qxf7 35. Rxf7+ Kxf7 36. Kf2 Ke6 37. Ke2 Kd5 38. Kd3 g5 39. g4
a6 40. b4 b5 41. e4+ Ke5 42. Ke3 Ke6 43. Kd4 Kd6 44. e5+ Ke6 45. Ke4 Ke7 46.
Kf5 Kf7 47. e6+ Ke7 48. Ke5 Ke8 49. Kf6 Kf8 50. e7+ 1-0

[Event "Albert Boxer Classic"]
[Site "Winnipeg CAN"]
[Date "2003.05.19"]
[Round "4"]
[White "Curtis, Rory"]
[Black "Proulx, Roy"]
[Result "1/2-1/2"]
[WhiteElo "1649"]
[BlackElo "1731"]
[PlyCount "52"]
[EventDate "2003.05.17"]
[EventType "swiss"]
[EventRounds "5"]
[EventCountry "CAN"]
[Source "ChessBase"]
[SourceDate "2003.07.09"]

1. d4 d5 2. c4 e6 3. cxd5 exd5 4. Nc3 Nf6 5. Bg5 Be7 6. e3 O-O 7. Bd3 Nbd7 8.
Nge2 c5 9. dxc5 Nxc5 10. Rc1 Ne6 11. Bh4 Qa5 12. O-O Rd8 13. Bb1 Qb4 14. Bxf6
Bxf6 15. Nxd5 Qxb2 16. Nxf6+ Qxf6 17. Qc2 g6 18. Rfd1 Bd7 19. Rd2 Bc6 20. Rcd1
Rxd2 21. Rxd2 Ng5 22. Nd4 Be4 23. Qb2 Rc8 24. Bxe4 Nxe4 25. Rc2 Nc5 26. g3 b6
1/2-1/2

[Event "Albert Boxer Classic"]
[Site "Winnipeg CAN"]
[Date "2003.05.19"]
[Round "4"]
[White "Greenberg, Harley"]
[Black "Khedkar, Jay"]
[Result "1-0"]
[WhiteElo "1730"]
[BlackElo "1997"]
[PlyCount "96"]
[EventDate "2003.05.17"]
[EventType "swiss"]
[EventRounds "5"]
[EventCountry "CAN"]
[Source "ChessBase"]
[SourceDate "2003.07.09"]

1. d4 d5 2. c4 e6 3. Nc3 Nf6 4. Bg5 Nbd7 5. Nf3 Be7 6. e3 O-O 7. Rc1 c6 8. cxd5
Nxd5 9. Bxe7 Qxe7 10. Bd3 Nxc3 11. Rxc3 e5 12. Qc2 exd4 13. Nxd4 g6 14. Nf3 Nf6
15. Qb3 Nd5 16. Rc2 Be6 17. Bc4 Rad8 18. O-O b5 19. Bxd5 Bxd5 20. Qc3 b4 21.
Qc5 Qxc5 22. Rxc5 Bxa2 23. e4 Rfe8 24. Ne5 Rd2 25. f3 Rxb2 26. Nxc6 a6 27. Ra1
Kg7 28. Nxb4 Rxb4 29. Rxa2 Re6 30. Rca5 Rbb6 31. Kf2 Kf6 32. Kg3 Ke7 33. Kf4 h6
34. h4 Kd7 35. R2a4 Kc7 36. e5 Kb7 37. Rd5 Re7 38. Rad4 Rc7 39. h5 gxh5 40. Rd6
Rbc6 41. Kf5 a5 42. Kf6 Kb6 43. Kg7 Re7 44. Kf6 Ra7 45. Kg7 a4 46. Rd7 Rxd7 47.
Rxd7 a3 48. Kxf7 Rc7 1-0

[Event "Albert Boxer Classic"]
[Site "Winnipeg CAN"]
[Date "2003.05.19"]
[Round "4"]
[White "Hogeveen Rutter, Alexander"]
[Black "Zaczek, Jonathan"]
[Result "1/2-1/2"]
[WhiteElo "1585"]
[BlackElo "1614"]
[PlyCount "82"]
[EventDate "2003.05.17"]
[EventType "swiss"]
[EventRounds "5"]
[EventCountry "CAN"]
[Source "ChessBase"]
[SourceDate "2003.07.09"]

1. e4 c5 2. Nf3 d6 3. Nc3 Nf6 4. d4 cxd4 5. Nxd4 a6 6. Be3 e5 7. Nb3 Be6 8. Bg5
Nbd7 9. h3 Be7 10. Qd2 Rc8 11. Bd3 b5 12. g3 Nc5 13. Bxf6 Nxd3+ 14. Qxd3 Bxf6
15. O-O-O Be7 16. Nd5 Bxd5 17. Qxd5 Rc5 18. Qb7 Qc8 19. Qxc8+ Rxc8 20. Rd5 O-O
21. Rhd1 Rc4 22. Nd2 Rc6 23. b3 Rfc8 24. c4 Bg5 25. Kb2 Bxd2 26. R1xd2 bxc4 27.
bxc4 f6 28. Rxd6 Rxc4 29. Rd8+ Rxd8 30. Rxd8+ Kf7 31. f3 a5 32. Rd7+ Kg6 33. a3
h5 34. h4 Kh6 35. Rd6 Kg6 36. Rd1 Kf7 37. Rd7+ Kf8 38. Rd6 Ke7 39. Ra6 a4 40.
Ra7+ Kf8 41. Rd7 Kg8 1/2-1/2

[Event "Albert Boxer Classic"]
[Site "Winnipeg CAN"]
[Date "2003.05.19"]
[Round "4"]
[White "Kaptsan, Aron"]
[Black "Lauritson, Jim"]
[Result "1/2-1/2"]
[WhiteElo "1999"]
[BlackElo "1914"]
[PlyCount "170"]
[EventDate "2003.05.17"]
[EventType "swiss"]
[EventRounds "5"]
[EventCountry "CAN"]
[Source "ChessBase"]
[SourceDate "2003.07.09"]

1. d4 f5 2. g3 Nf6 3. Bg2 e6 4. Nd2 d5 5. Ngf3 Bd6 6. O-O O-O 7. Ne1 c5 8. c3
Nc6 9. Ndf3 Bd7 10. Bf4 Bxf4 11. gxf4 Qb6 12. Rb1 cxd4 13. cxd4 Rac8 14. e3 Rc7
15. Nd3 Nb4 16. Nxb4 Qxb4 17. Re1 Rfc8 18. Bf1 Qa4 19. Qxa4 Bxa4 20. b3 Bd7 21.
Bd3 Rc3 22. Red1 a6 23. a4 b5 24. axb5 Bxb5 25. Ne5 Bxd3 26. Nxd3 Nd7 27. Kf1
Rb8 28. b4 Rc4 29. Ra1 Rb6 30. Ke1 Nb8 31. Kd2 Nc6 32. Rdb1 Kf7 33. Rb2 Ke7 34.
Rab1 Kd6 35. b5 axb5 36. Rxb5 Rxb5 37. Rxb5 Ra4 38. Rb7 Ra2+ 39. Ke1 Ra1+ 40.
Ke2 Ra7 41. Rb1 g6 42. Kf3 Rg7 43. Rb6 Kc7 44. Ra6 Re7 45. Kg3 Re8 46. Nc5 Kd6
47. h4 Re7 48. Ra8 Ra7 49. Rg8 Re7 50. h5 gxh5 51. Kh4 Ra7 52. Kxh5 Rf7 53. Kg5
Ke7 54. Ra8 Rg7+ 55. Kh4 Rg2 56. Ra2 Kf6 57. Kh3 Rg1 58. Ra6 Nd8 59. Nd7+ Ke7
60. Ne5 Kf6 61. Rd6 Nf7 62. Ra6 Rg8 63. Nd7+ Ke7 64. Nc5 Rg6 65. Ra7+ Ke8 66.
Kh2 h6 67. f3 Kf8 68. Ra6 Nd8 69. Nd7+ Ke7 70. Ne5 Rg7 71. Nd3 Kf6 72. Ne1 Rg6
73. Ng2 Rg7 74. Kg1 h5 75. Kf2 Nf7 76. Ra1 Nd6 77. Rh1 Rh7 78. Ne1 Nc4 79. Nd3
h4 80. Rh2 h3 81. Ne5 Ke7 82. Nxc4 dxc4 83. Ke2 Kd6 84. Kd2 Kd5 85. Ke2 Rh6
1/2-1/2

[Event "Albert Boxer Classic"]
[Site "Winnipeg CAN"]
[Date "2003.05.19"]
[Round "4"]
[White "Schulz, Waldemar"]
[Black "Lipnowski, Samuel"]
[Result "1/2-1/2"]
[WhiteElo "2039"]
[BlackElo "2135"]
[PlyCount "46"]
[EventDate "2003.05.17"]
[EventType "swiss"]
[EventRounds "5"]
[EventCountry "CAN"]
[Source "ChessBase"]
[SourceDate "2003.07.09"]

1. Nf3 c5 2. c4 Nc6 3. Nc3 g6 4. g3 Bg7 5. Bg2 Nh6 6. O-O Nf5 7. Rb1 O-O 8. b3
b6 9. Bb2 Bb7 10. Re1 e6 11. e4 Nfd4 12. d3 d6 13. Nxd4 Nxd4 14. Ne2 Nxe2+ 15.
Qxe2 Rb8 16. Bxg7 Kxg7 17. Qb2+ Qf6 18. f4 Qxb2 19. Rxb2 e5 20. Bh3 Bc8 21.
Bxc8 Rbxc8 22. Rf2 Rce8 23. f5 f6 1/2-1/2

[Event "Albert Boxer Classic"]
[Site "Winnipeg CAN"]
[Date "2003.05.19"]
[Round "5"]
[White "Khedkar, Jay"]
[Black "Schulz, Waldemar"]
[Result "0-1"]
[WhiteElo "1997"]
[BlackElo "2039"]
[PlyCount "76"]
[EventDate "2003.05.17"]
[EventType "swiss"]
[EventRounds "5"]
[EventCountry "CAN"]
[Source "ChessBase"]
[SourceDate "2003.07.09"]

1. e4 c5 2. Nf3 e6 3. d4 cxd4 4. Nxd4 a6 5. c4 Nf6 6. Nc3 Qc7 7. Be3 Bb4 8. Bd3
Bxc3+ 9. bxc3 d6 10. O-O Nbd7 11. Nb3 b6 12. f4 Bb7 13. Qc2 h6 14. Rae1 e5 15.
f5 Nc5 16. Nxc5 dxc5 17. Rf3 O-O-O 18. a4 Rxd3 19. Qxd3 Bxe4 20. Qe2 Bxf3 21.
Qxf3 e4 22. Qf1 Rd8 23. Bf4 Qc6 24. a5 bxa5 25. Ra1 a4 26. Qb1 Kd7 27. Qc2 Ke7
28. Rxa4 Ra8 29. Ra1 a5 30. h3 a4 31. Rd1 a3 32. Ra1 Qa6 33. Qb3 a2 34. Be3 Nd7
35. Kf2 Kf8 36. Qd1 Qa3 37. Qd2 Ne5 38. Kg3 Nxc4 0-1

[Event "Albert Boxer Classic"]
[Site "Winnipeg CAN"]
[Date "2003.05.19"]
[Round "5"]
[White "Lauritson, Jim"]
[Black "Greenberg, Harley"]
[Result "0-1"]
[WhiteElo "1914"]
[BlackElo "1730"]
[PlyCount "106"]
[EventDate "2003.05.17"]
[EventType "swiss"]
[EventRounds "5"]
[EventCountry "CAN"]
[Source "ChessBase"]
[SourceDate "2003.07.09"]

1. e4 c5 2. c3 d6 3. d4 Nf6 4. Bd3 Nc6 5. Ne2 e5 6. d5 Nb8 7. O-O Be7 8. f4
exf4 9. Bxf4 Nh5 10. Nd2 O-O 11. Ng3 Nxf4 12. Rxf4 Nd7 13. Nf5 Bg5 14. Rf1 Ne5
15. Bc2 g6 16. Ng3 Be3+ 17. Kh1 Ng4 18. Qe2 Bxd2 19. Qxd2 Qh4 20. h3 Qxg3 21.
hxg4 Bxg4 22. Qg5 f6 23. Qh6 Qe5 24. Rf4 Qh5+ 25. Qxh5 Bxh5 26. Raf1 Kg7 27.
R1f2 g5 28. Rf5 Rae8 29. Rd2 Bg6 30. g4 Bxf5 31. gxf5 h5 32. Kg2 b5 33. b3 a5
34. Kf3 Ra8 35. Rh2 h4 36. Kg4 Rfc8 37. Bb1 c4 38. Rc2 cxb3 39. axb3 Rc7 40. c4
bxc4 41. bxc4 Rb8 42. Ba2 Rcb7 43. e5 fxe5 44. c5 Rb2 45. Rxb2 Rxb2 46. cxd6
Rb6 47. d7 Rd6 48. Kxg5 h3 49. f6+ Kf8 50. Bb1 a4 51. Kf5 h2 52. Kxe5 Rxd7 53.
Be4 a3 0-1

[Event "Albert Boxer Classic"]
[Site "Winnipeg CAN"]
[Date "2003.05.19"]
[Round "5"]
[White "Lipnowski, Samuel"]
[Black "Kaptsan, Aron"]
[Result "1/2-1/2"]
[WhiteElo "2135"]
[BlackElo "1999"]
[PlyCount "80"]
[EventDate "2003.05.17"]
[EventType "swiss"]
[EventRounds "5"]
[EventCountry "CAN"]
[Source "ChessBase"]
[SourceDate "2003.07.09"]

1. e4 Nf6 2. e5 Nd5 3. d4 d6 4. Nf3 Bg4 5. Be2 Nc6 6. exd6 exd6 7. O-O Be7 8.
c4 Nb6 9. d5 Bxf3 10. Bxf3 Ne5 11. Be2 O-O 12. Qc2 Bf6 13. Nd2 Re8 14. Ne4 Ng6
15. Nxf6+ Qxf6 16. Bd3 Re7 17. Bd2 Rae8 18. Rae1 Kf8 19. Bxg6 hxg6 20. Rxe7
Qxe7 21. Be3 Qe4 22. Qxe4 Rxe4 23. b3 a6 24. Rd1 Ke7 25. Kf1 Na8 26. Ke2 Kd7
27. Rd4 Rxd4 28. Bxd4 f6 29. h4 c6 30. dxc6+ bxc6 31. Kd3 Nc7 32. g4 Ne6 33.
Ke4 f5+ 34. gxf5 gxf5+ 35. Ke3 g6 36. b4 c5 37. bxc5 dxc5 38. Be5 Ke7 39. Kd3
Nd8 40. Ke3 Ne6 1/2-1/2

[Event "Albert Boxer Classic"]
[Site "Winnipeg CAN"]
[Date "2003.05.19"]
[Round "5"]
[White "Plocek, Jaroslav"]
[Black "Curtis, Rory"]
[Result "1-0"]
[WhiteElo "1562"]
[BlackElo "1649"]
[PlyCount "101"]
[EventDate "2003.05.17"]
[EventType "swiss"]
[EventRounds "5"]
[EventCountry "CAN"]
[Source "ChessBase"]
[SourceDate "2003.07.09"]

1. d4 d5 2. Nf3 Nf6 3. g3 c6 4. Bg2 Bf5 5. O-O e6 6. Re1 Be7 7. Nc3 h6 8. a3
O-O 9. Bf4 Nbd7 10. Qd2 Re8 11. Ne5 Rc8 12. b4 Nb6 13. Nd1 Ne4 14. Qc1 Bf8 15.
f3 Nd6 16. Nf2 f6 17. Ned3 Ndc4 18. e4 dxe4 19. fxe4 Bg6 20. c3 e5 21. dxe5
fxe5 22. Bd2 Nxd2 23. Qxd2 c5 24. Qa2+ Bf7 25. Qc2 cxb4 26. axb4 a6 27. Rad1
Qc7 28. Rc1 Nc4 29. Nb2 Qb6 30. Kh1 Na3 31. Qe2 Nb5 32. c4 Nd4 33. Qg4 Qxb4 34.
Nbd3 Qa5 35. Rf1 Rxc4 36. Rxc4 Bxc4 37. Qd7 Re7 38. Qc8 Qc7 39. Qxc7 Rxc7 40.
Rc1 Rc6 41. Nxe5 Rc8 42. Rxc4 Rxc4 43. Nxc4 b5 44. Na5 Bb4 45. Nb7 a5 46. Nd3
Bc3 47. e5 b4 48. Nxa5 b3 49. Nxb3 Nxb3 50. Bd5+ Kf8 51. Bxb3 1-0

[Event "Albert Boxer Classic"]
[Site "Winnipeg CAN"]
[Date "2003.05.19"]
[Round "5"]
[White "Rutter, Blair"]
[Black "Proulx, Roy"]
[Result "1-0"]
[WhiteElo "1711"]
[BlackElo "1731"]
[PlyCount "57"]
[EventDate "2003.05.17"]
[EventType "swiss"]
[EventRounds "5"]
[EventCountry "CAN"]
[Source "ChessBase"]
[SourceDate "2003.07.09"]

1. d4 d5 2. c4 e6 3. a3 Nf6 4. Nc3 c5 5. Nf3 Nc6 6. e3 dxc4 7. Bxc4 cxd4 8.
exd4 Be7 9. O-O O-O 10. Re1 Nd5 11. Bd2 Bf6 12. Ne2 Nb6 13. Ba2 Nxd4 14. Nexd4
Bxd4 15. Bb4 Bxb2 16. Rb1 Bf6 17. Bxf8 Qxf8 18. Re3 Qe7 19. a4 h6 20. a5 Nd7
21. h3 b6 22. Bd5 Rb8 23. axb6 Nxb6 24. Be4 Bb7 25. Bc2 Nd5 26. Reb3 Nc3 27.
Qd3 Be4 28. Rxb8+ Kh7 29. Qd2 1-0

[Event "Albert Boxer Classic"]
[Site "Winnipeg CAN"]
[Date "2003.05.19"]
[Round "5"]
[White "Zaczek, Jonathan"]
[Black "Anderson, George"]
[Result "1-0"]
[WhiteElo "1614"]
[BlackElo "1540"]
[PlyCount "49"]
[EventDate "2003.05.17"]
[EventType "swiss"]
[EventRounds "5"]
[EventCountry "CAN"]
[Source "ChessBase"]
[SourceDate "2003.07.09"]

1. e4 e6 2. d4 d5 3. Nc3 Nf6 4. Bg5 Be7 5. e5 Nfd7 6. Bxe7 Qxe7 7. Bd3 c5 8.
Nb5 Na6 9. Qg4 O-O 10. Nf3 c4 11. Bxh7+ Kxh7 12. Qh5+ Kg8 13. Ng5 Qxg5 14. Qxg5
Nb6 15. h4 Bd7 16. Nd6 Nc8 17. Nxc8 Raxc8 18. h5 Nb4 19. Kd2 Ba4 20. c3 Nd3 21.
f4 Nf2 22. Rae1 Ne4+ 23. Rxe4 dxe4 24. h6 g6 25. h7+ 1-0

[Event "Alberta active ch"]
[Site "Edmonton CAN"]
[Date "2003.07.26"]
[Round "1"]
[White "Culjaga, Marko"]
[Black "Li, Zhichao"]
[Result "0-1"]
[WhiteElo "1071"]
[BlackElo "2027"]
[PlyCount "26"]
[EventDate "2003.07.26"]
[EventType "rapid"]
[EventCountry "CAN"]

1. e4 e5 2. f4 Bc5 3. Nf3 d6 4. Bc4 Nc6 5. Nc3 a6 6. Bb3 Bg4 7. d3 Nd4 8. h3
Bxf3 9. gxf3 Qh4+ 10. Kf1 Nxb3 11. Rh2 Nxa1 12. Bd2 O-O-O 13. Qxa1 Qg3 0-1

[Event "Alberta active ch"]
[Site "Edmonton CAN"]
[Date "2003.07.26"]
[Round "2"]
[White "Asquith, Tom"]
[Black "Baser, Arthur"]
[Result "0-1"]
[WhiteElo "1533"]
[BlackElo "1105"]
[PlyCount "39"]
[EventDate "2003.07.26"]
[EventType "rapid"]
[EventCountry "CAN"]

1. Nf3 c5 2. e4 d6 3. d3 Nc6 4. g3 Nf6 5. Bg2 b6 6. O-O e6 7. Nbd2 Be7 8. c3 d5
9. Re1 O-O 10. e5 Nd7 11. d4 Qc7 12. Qe2 f6 13. exf6 Nxf6 14. Nf1 Qd7 15. Bf4
Ne4 16. Ne5 Nxe5 17. Bxe5 Rxf2 18. Qg4 Rf7 19. Rad1 Qc6 20. Nd2 0-1

[Event "Alberta active ch"]
[Site "Edmonton CAN"]
[Date "2003.07.26"]
[Round "2"]
[White "Li, Zhichao"]
[Black "Tot, Nandor"]
[Result "1-0"]
[WhiteElo "2027"]
[BlackElo "2134"]
[PlyCount "103"]
[EventDate "2003.07.26"]
[EventType "rapid"]
[EventCountry "CAN"]

1. d4 Nf6 2. Nf3 e6 3. e3 b6 4. Be2 Bb7 5. O-O Be7 6. c4 d5 7. cxd5 exd5 8. Nc3
O-O 9. Bd2 Ne4 10. Nxe4 dxe4 11. Ne5 Nd7 12. Nxd7 Qxd7 13. Qb3 Kh8 14. Bb4 f5
15. Bxe7 Qxe7 16. Qa3 Qg5 17. Rac1 Rf7 18. f4 exf3 19. Bxf3 Bxf3 20. Rxf3 a5
21. Rc6 f4 22. exf4 Qd5 23. Qc3 Re8 24. h3 h6 25. Rxc7 Rxc7 26. Qxc7 Qxd4+ 27.
Kh2 Qxb2 28. Qf7 Re1 29. Rd3 Rh1+ 30. Kg3 Qf6 31. Qxf6 gxf6 32. Rb3 Ra1 33.
Rxb6 Kg7 34. Rb2 Rc1 35. Kg4 Rc5 36. Rb7+ Kg8 37. Ra7 Rc2 38. Rxa5 Rxg2+ 39.
Kf5 Rh2 40. Ra8+ Kg7 41. Ra7+ Kg8 42. Kg6 Kf8 43. Kxf6 Kg8 44. Ra3 Rc2 45. Ra8+
Kh7 46. Ra6 Rh2 47. f5 Rxh3 48. Kf7 Rc3 49. Ra7 h5 50. f6 Rf3 51. Ke8+ Kg6 52.
f7 1-0

[Event "Alberta active ch"]
[Site "Edmonton CAN"]
[Date "2003.07.26"]
[Round "3"]
[White "Chi, Jonathan"]
[Black "Asquith, Tom"]
[Result "1-0"]
[WhiteElo "1362"]
[BlackElo "1533"]
[PlyCount "50"]
[EventDate "2003.07.26"]
[EventType "rapid"]
[EventCountry "CAN"]

1. d4 Nf6 2. c4 c5 3. d5 e6 4. dxe6 fxe6 5. Nc3 Be7 6. e4 Nc6 7. Nf3 O-O 8. Be2
e5 9. O-O d6 10. Bg5 Nd4 11. Bxf6 Nxe2+ 12. Qxe2 Rxf6 13. Nd5 Rg6 14. Rad1 Bh3
15. Ne3 Bd7 16. Rd2 a6 17. Rfd1 b5 18. Nxe5 Rg5 19. Nxd7 Qxd7 20. f4 Rg6 21. e5
Re8 22. f5 Rh6 23. e6 Qb7 24. Ng4 Rh4 25. g3 Rh3 1-0

[Event "Alberta active ch"]
[Site "Edmonton CAN"]
[Date "2003.07.26"]
[Round "3"]
[White "Veneracion, Paolo"]
[Black "Li, Zhichao"]
[Result "0-1"]
[WhiteElo "1686"]
[BlackElo "2027"]
[PlyCount "64"]
[EventDate "2003.07.26"]
[EventType "rapid"]
[EventCountry "CAN"]

1. f4 e5 2. fxe5 d6 3. exd6 Bxd6 4. Nf3 g5 5. g3 g4 6. Nh4 Ne7 7. e3 Ng6 8.
Nxg6 hxg6 9. Bg2 Rxh2 10. Rxh2 Bxg3+ 11. Ke2 Bxh2 12. Qh1 Qd6 13. Bxb7 Bxb7 14.
Qxb7 Qc6 15. Qc8+ Ke7 16. Qxg4 Bd6 17. Nc3 Nd7 18. Qh4+ Nf6 19. e4 g5 20. Qxg5
Rg8 21. Nd5+ Qxd5 22. Qxf6+ Kxf6 23. exd5 Ke5 24. c4 Bc5 25. Rb1 Rg1 26. a3 f5
27. d3 f4 28. b4 Bd4 29. a4 Rg2+ 30. Kf3 Rg3+ 31. Ke2 f3+ 32. Kd1 Rg1+ 0-1

[Event "Alberta active ch"]
[Site "Edmonton CAN"]
[Date "2003.07.26"]
[Round "4"]
[White "Li, Zhichao"]
[Black "Hughey, Micah"]
[Result "1-0"]
[WhiteElo "2027"]
[BlackElo "1944"]
[PlyCount "75"]
[EventDate "2003.07.26"]
[EventType "rapid"]
[EventCountry "CAN"]

1. d4 d5 2. Nf3 c5 3. e3 Nc6 4. Be2 Nf6 5. O-O Bg4 6. b3 Rc8 7. Bb2 Bxf3 8.
Bxf3 cxd4 9. exd4 b5 10. c3 e6 11. Nd2 Bd6 12. b4 a5 13. a3 a4 14. Be2 Qb6 15.
Bd3 O-O 16. Qe2 Rb8 17. Nf3 Nd7 18. Rae1 Rfc8 19. Ng5 Nf8 20. Qh5 g6 21. Qh6
Qd8 22. f4 Qf6 23. g3 Qg7 24. Qh3 h6 25. Nf3 Rc7 26. Ne5 f6 27. Nxc6 Rxc6 28.
Qg2 Qf7 29. Re3 Rb7 30. Qe2 Rcb6 31. Bc1 Kg7 32. Bd2 Qd7 33. Kh1 Rc7 34. g4 f5
35. Qg2 Be7 36. Rfe1 Kh7 37. gxf5 gxf5 38. Rg1 1-0

[Event "Alberta active ch"]
[Site "Edmonton CAN"]
[Date "2003.07.26"]
[Round "4"]
[White "Pua, Richard"]
[Black "Asquith, Tom"]
[Result "1/2-1/2"]
[WhiteElo "1453"]
[BlackElo "1533"]
[PlyCount "50"]
[EventDate "2003.07.26"]
[EventType "rapid"]
[EventCountry "CAN"]

1. d4 Nf6 2. c4 d6 3. Nc3 g6 4. g3 Bg7 5. Bg2 O-O 6. Nf3 c5 7. d5 e6 8. e4 exd5
9. cxd5 Re8 10. Nd2 a6 11. a4 Nbd7 12. f4 Qc7 13. O-O Rb8 14. a5 c4 15. Nf3
Qc5+ 16. Kh1 Nxe4 17. Nxe4 Rxe4 18. Ne5 Rxe5 19. fxe5 Nxe5 20. Qd2 Ng4 21. h3
Ne5 22. Rb1 Bf5 23. b4 Qb5 24. Rxf5 gxf5 25. Qg5 c3 1/2-1/2

[Event "Alberta active ch"]
[Site "Edmonton CAN"]
[Date "2003.07.26"]
[Round "5"]
[White "Rusnell, Lorne"]
[Black "Li, Zhichao"]
[Result "0-1"]
[WhiteElo "1873"]
[BlackElo "2027"]
[PlyCount "78"]
[EventDate "2003.07.26"]
[EventType "rapid"]
[EventCountry "CAN"]

1. d4 d5 2. Nf3 Nf6 3. e3 e6 4. Bd3 c5 5. c3 Nc6 6. Nbd2 cxd4 7. exd4 Be7 8.
O-O O-O 9. Re1 Rb8 10. Ne5 Nxe5 11. dxe5 Nd7 12. Bxh7+ Kxh7 13. Qh5+ Kg8 14.
Re3 g6 15. Rg3 Kg7 16. Nf3 Rh8 17. Qg4 Nc5 18. Ng5 Qe8 19. Be3 Ne4 20. Nxe4
dxe4 21. Qxe4 b6 22. Rd1 Bb7 23. Qc2 Rd8 24. f4 Rxd1+ 25. Qxd1 Be4 26. Qd4 Bf5
27. h3 Qb5 28. Rf3 Rd8 29. c4 Qa5 30. b4 Qxb4 31. Qa1 Qb1+ 32. Qxb1 Bxb1 33. g4
Rd3 34. f5 Bc5 35. f6+ Kg8 36. Kf2 Rxe3 37. Rxe3 Bxa2 38. Ke2 Bxe3 39. Kxe3
Bxc4 0-1